|
|
|
|
| LEADER |
00000cac a2200000 a 4500 |
| 001 |
78811 |
| 003 |
Ucuenca |
| 005 |
20230524062838.0 |
| 008 |
000000|1973 ag |||||r|||||||||||spa|| |
| 040 |
|
|
|b spa
|
| 041 |
0 |
|
|a spa
|
| 082 |
0 |
|
|a 338.9
|
| 245 |
|
|
|a Dependencia y desarrollo en América Latina: ensayo de interpretación sociológica
|c Fernando Henrique Cardoso y Enzo Faletto
|h imp
|
| 250 |
|
|
|a 7a ed.
|
| 264 |
|
|
|a Buenos Aires
|b Siglo Veintiuno Editores
|c 1973
|
| 300 |
|
|
|a 166 páginas:
|c 18 cm
|
| 490 |
|
|
|a Sociología y Política
|
| 504 |
|
|
|a incl. ref.
|
| 650 |
1 |
|
|a Dependencia economica
|9 8979
|
| 650 |
1 |
0 |
|a Desarrollo económico
|9 4373
|
| 650 |
1 |
0 |
|a América Latina
|9 878
|
| 700 |
|
|
|a Cardoso, Fernando HenriqueFaletto, Enzo
|9 48510
|
| 700 |
1 |
|
|a Faletto, Enzo
|9 12007
|
| 852 |
|
|
|a UC-CDJBV
|f Compra
|l 1
|m General
|p 00000000
|r 2
|t 78811
|b 0
|d CDRC
|e CDRC
|g 338.9 PRIMER PISO
|z 0000-00-00
|
| 942 |
|
|
|c CR
|
| 999 |
|
|
|c 26401
|d 26401
|